000 00208nam a22000857a 4500
008 170228b xxu||||| |||| 00| 0 eng d
100 _92963
_aWason.V
245 _aAccundancy XII
260 _aNew Delhi
_bS.Chand
_c1012
999 _c6207
_d6207